000 00315nam a2200133Ia 4500
008 200103s9999||||xx |||||||||||||| ||und||
040 _aIMU-MPC
082 _aColumn-62
100 _aHarrop, P. F.
245 0 _aExercises in Engineering Drawing
260 _bMacmillan, London
_c1952
300 _a64
942 _cBK
999 _c11181
_d11181